| 000 | 00494cam a2200193ua 4500 | ||
|---|---|---|---|
| 001 | 11812 | ||
| 008 | 191109n ii |||gr||||Z||||||eng | ||
| 020 | _a9781316646526 | ||
| 040 | _cMAIN | ||
| 041 | _aeng | ||
| 082 | _a821.54 | ||
| 100 |
_aRosinka Chaudhary, _eEditor. |
||
| 245 |
_aHistory of indian poetry in english _cEd by Rosinka Chaudhary |
||
| 250 | _a1st ed. | ||
| 260 |
_aDelhi: _bCambridge university press, _c2017. |
||
| 300 | _a468p. | ||
| 653 | _aEnglish poetry | ||
| 942 | _cBK | ||
| 999 |
_c10606 _d10606 |
||